ნორმალური ფორმატი
MARC ფორმატი
ჩანაწერი Personal Name
ჩანაწერთა რაოდენობა, რომელიც გამოყენებულია: 5
001 - CONTROL NUMBER
- control field: 10177
003 - CONTROL NUMBER IDENTIFIER
- control field: GE_BSU
005 - DATE AND TIME OF LATEST TRANSACTION
- control field: 20210222001542.0
008 - FIXED-LENGTH DATA ELEMENTS
- fixed length control field: 210222|| aca||aabn | a|a d
040 ## - CATALOGING SOURCE
- Original cataloging agency: GE_BSU
- Transcribing agency: GE_BSU
100 ## - HEADING--PERSONAL NAME
- Personal name: არზიანი, ბადრი
670 ## - SOURCE DATA FOUND
- Source citation: Work cat.: (GE_BSU)53520: არზიანი, ბადრი, სამედიცინო ქიმია :
